Biggest Trading Partners - Uganda - Statistics

General Stats
  • This quiz has been taken 37 times
  • The average score is 18 of 23
Answer Stats
Exports Imports Country % Correct
411 mil D.R. Congo
100%
88.7 mil 220 mil United States
100%
107 mil 2.29 bil China
96%
737 mil 824 mil Kenya
96%
728 mil 1.26 bil India
93%
280 mil Rwanda
93%
307 mil South Africa
93%
169 mil 1.33 bil Tanzania
93%
213 mil 145 mil Germany
85%
449 mil Japan
85%
70.7 mil Burundi
81%
261 mil Italy
78%
183 mil Mozambique
78%
416 mil Saudi Arabia
78%
1.37 bil 1.43 bil United Arab Emirates
78%
202 mil Russia
74%
536 mil South Sudan
74%
116 mil Sudan
74%
161 mil Indonesia
70%
234 mil Malaysia
67%
129 mil 158 mil Netherlands
59%
63.5 mil Belgium
56%
234 mil Ghana
37%
No matching quizzes found
Score Distribution
Percent of People with Each Score
Percentile by Number Answered
Your Score History
You have not taken this quiz